000 00443nam a2200157 i 4500
001 31591
003 ES-MaACL
005 20230906154419.0
007 t|
008 030129s1964 sp ||||1| spa d
100 1 _aBelda Calatayud, Vicente.
_927139
245 1 0 _aImpulso y buen empleo de la voluntad /
_cVicente Belda Calatayud.
260 _aValencia :
_b[s.n.,
_c1964]
300 _a77 p. ;
_c16 cm.
852 _aES-MaACL
_jC-27253
_bR.55139
999 _c31591
_d31591